000 00951nam a2200313 i 4500
003 EG-GICUC
005 20260121101720.0
008 080204s1991 enk fr 000 0 eng d
040 _aEG-GiCUC
_beng
_cEG-GiCUC
_dEG-GiCUC
_erda
082 0 4 _221
_a341
092 0 4 _221
099 _aLaw 11 1991
100 1 _aHarris, D.J.
245 1 0 _aCases and materials on international law /
_cD.J Harris.
250 _a4th edition.
264 _aLondon :
_bSweet & Maxwell،
_c1991.
300 _axlviii, 1040 pages :
_billustrations,
_c24 cm
336 _2rda content
_atext
337 _2rda media
_aComputer
338 _2rda carrier
_aOnline Resource
490 0 _aInternational student editions
500 _aincludes index
650 1 0 _aInternational law -
_vSources
650 1 0 _aInternational law -
_vCases.
651 1 _2qrmak
856 4 0 _uhttps://fll.law.cu.edu.eg/fulltext/bks/ENGB11-00042.pdf
905 _a10
942 _2ddc
_cBK
_e21
_n0
999 _c56571
_d56571